Finis le titre de la chanson #8 - Statistiques

Statistiques générales
  • Ce quiz a été pris 301 fois
  • Le résultat moyen est 13 sur 30
Statistiques - réponses
Artistes Chanson Réponse % Correct
Francis Cabrel "Je l'aime à..." Mourir
95%
Aqua "Barbie..." Girl
88%
Sexion d'Assaut "Wati by..." Night
79%
Alphaville "Forever..." Young
69%
Daft Punk "Harder, Better, Faster,..." Stronger
68%
Renaud "Laisse..." Béton
67%
Muse "Follow..." Me
66%
Justin Timberlake "Cry Me a..." River
64%
Bruce Springsteen "Born In The..." U.S.A.
56%
Alain Bashung "Gaby Oh..." Gaby
52%
Usher, Pitbull "DJ Got Us Fallin' In..." Love
52%
Tyler, The Creator, Kali Uchis "See You..." Again
49%
Fifth Harmony, Kid Ink "Worth..." It
48%
Collectif Métissé "Laisse tomber tes..." Problèmes
47%
Shaggy, Brian and Tony Gold "Hey Sexy..." Lady
46%
P!nk "So..." What
44%
Orchestral Manoeuvres in the Dark "Enola..." Gay
31%
Bobby Helms "Jingle Bell..." Rock
30%
Bob Marley & The Wailers "Three Little..." Birds
29%
Tom Jones, Mousse T. "Sex..." Bomb
29%
Los Bravos "Black is..." Black
24%
War "Why Can't We Be..." Friends?
23%
Black Eyed Peas "Don't Stop The..." Party
23%
The Jacksons "Blame It on the..." Boogie
21%
Thierry Pastor "Le coup de..." Folie
21%
The Weeknd "In the..." Night
19%
Serge Gainsbourg "Comme un..." Boomerang
18%
Moby "In This..." World
18%
V V Brown "Shark in the..." Water
14%
Sister Sledge "We are..." Family
8%
Aucun quiz correspondant
Distribution des résultats
% des personnes avec chaque résultat
Percentile par nombre de réponses
Votre historique - résultats
Vous n’avez pas pris ce quiz